Statistics for First Order Classes

Click here to take the quiz!

General Stats

  • This quiz has been taken 9 times
    (7 since last reset)
  • The average score is 10 of 16

Answer Stats

Trooper% Correct
Flametrooper
100%
Stormtrooper
100%
Officer
80%
Snowtrooper
80%
Fleet Gunner
60%
Heavy Trooper
60%
Jet Trooper
60%
Riot Enforcer Trooper
60%
Scuba Trooper
60%
Shuttle Pilot
60%
Sith Trooper
60%
Special Forces TIE Pilot
60%
TIE Pilot
60%
Praetorian Guard
40%
Security Bereau Agent
40%
Executioner
20%

Score Distribution

Percentile by Number Answered

Percent of People with Each Score

Your Score History

You have not taken this quiz since the last reset